header

Islamic Jerusalem and its Christians (Record no. 231903)

MARC details
000 -LEADER
fixed length control field 01513nam a2200361Ia 4500
100 1# - MAIN ENTRY--AUTHOR NAME
Personal name Abu-Munshar, Maher Y.
245 10 - TITLE STATEMENT
Title Islamic Jerusalem and its Christians
260 ## - PUBLICATION, DISTRIBUTION, ETC. (IMPRINT)
Place of publication London ;
-- New York :
Name of publisher Tauris Academic Studies,
Year of publication 2007.
300 ## - PHYSICAL DESCRIPTION
Number of Pages x, 249 p. :
Other physical details 1 map.
490 1# - SERIES STATEMENT
Series statement Library of Middle East history ;
650 #0 - SUBJECT ADDED ENTRY--TOPICAL TERM
Topical Term Jerusalem in Islam.
Topical Term Jerusalem in Christianity.
Topical Term Religions
856 40 - ELECTRONIC LOCATION AND ACCESS
Uniform Resource Identifier http://site.ebrary.com/lib/rucke/Doc?id=10217778

No items available.

© 2026 Rongo University
Contact us: librarian | system librarian | Rongo university